Capitales españolas con más horas de Sol al año - Estadísticas

Estadísticas generales
  • Esta prueba ha sido intentada 271 veces
  • La puntuación promedio es 14 de 15
Estadísticas de respuestas
Horas de Sol/año Ciudad (capital) % Correcto
2917 Sevilla
96%
2994 Almería
94%
2903 Córdoba
94%
2905 Málaga
94%
2965 Cádiz
93%
2917 Granada
93%
2969 Huelva
92%
2851 Alicante
90%
2860 Badajoz
90%
2967 Murcia
90%
2922 Cáceres
89%
2850 Madrid
89%
2822 Las Palmas de Gran Canaria
86%
2913 Santa Cruz de Tenerife
86%
2922 Toledo
83%
No se encontraron pruebas coincidentes
Distribución de puntuación
Porcentaje de gente con cada puntuación
Porcentaje por número respondido
Historial de tus puntuaciones
No has intentado esta prueba.